|
|
|
|
| LEADER |
00000nam0a2200000 4500 |
| 001 |
338374 |
| 005 |
20231102005036.0 |
| 035 |
|
|
|a (RuTPU)RU\TPU\book\364864
|
| 090 |
|
|
|a 338374
|
| 100 |
|
|
|a 20171123d1931 k y0rusy50 ca
|
| 101 |
0 |
|
|a rus
|a eng
|
| 102 |
|
|
|a RU
|
| 105 |
|
|
|a a z 001zy
|
| 200 |
1 |
|
|a Материалы к стратиграфии Кузнецкого каменноугольного бассейна
|f В. А. Хахлов
|g Научно-исследовательский угольный институт Востуголь
|
| 210 |
|
|
|a Новосибирск
|c ОГИЗ
|d 1931
|
| 215 |
|
|
|a 34 с.
|c ил.
|
| 225 |
1 |
|
|a Труды научно-исследовательского угольного института Востугля
|d Серия Г
|v Вып. 4
|
| 320 |
|
|
|a Библиогр.: с. 25
|
| 606 |
1 |
|
|a Стратиграфия
|y Кемеровская область
|2 stltpush
|3 (RuTPU)RU\TPU\subj\76830
|9 87635
|
| 610 |
1 |
|
|a геология
|
| 610 |
1 |
|
|a Кузнецкий каменноугольный бассейн
|
| 610 |
1 |
|
|a растительные остатки
|
| 610 |
1 |
|
|a расчленение
|
| 610 |
1 |
|
|a библиотека М. А. Усова
|
| 675 |
|
|
|a 551.7(571.1)
|v 4
|
| 700 |
|
1 |
|a Хахлов
|b В. А.
|
| 712 |
0 |
2 |
|a Научно-исследовательский угольный институт Востуголь
|2 stltpush
|3 (RuTPU)RU\TPU\col\23571
|9 28368
|
| 801 |
|
1 |
|a RU
|b 63413507
|c 20171123
|
| 801 |
|
2 |
|a RU
|b 63413507
|c 20180216
|g RCR
|
| 942 |
|
|
|c BK
|